000 00586nam a22002057a 4500
005 20221216154116.0
008 221109b ||||| |||| 00| 0 eng d
040 _cAL
041 _aeng
082 _223
_a328.542
_bLOKC
100 _aLok Sabha Secretariat
_966510
245 _aCorrigenda to lok sabha debates: Tenth session Vol 39
260 _aNew Delhi
_bLok Sabha Secretariat
_c1974
300 _bHB
_c23x15cm.
365 _2Political Science
440 _961548
_nVol 39
650 _aDebates Parliament
_961549
700 _aLOK SABHA SECRETARIAT
_961550
942 _2ddc
_cGF
999 _c225869
_d225869